| 000 | 00390nam a22001217a 4500 | ||
|---|---|---|---|
| 082 | _a200 THE | ||
| 100 |
_aKhalid Ahmed Khan Niazi, _970064 |
||
| 245 | _aTH-SOF-1222-Identifying Best Feature Subset for Classification of Cardiac Arrhythmia | ||
| 260 |
_aIslamabad _b2015 |
||
| 650 |
_a MS-COMPUTER ENGINEERING-69 MSTHESIS _970065 |
||
| 700 | _aSupervisor Dr. Shoab Ahmad Khan | ||
| 942 | _cCF | ||
| 999 |
_c577112 _d577112 |
||